|
|
|
|
| LEADER |
01195nam a2200277 a 4500 |
| 001 |
10122 |
| 008 |
150106s2000 bg b 001 0 eng d |
| 020 |
|
|
|a 9848140018
|
| 040 |
|
|
|a DLC
|c DLC
|d BD-DhAAL
|
| 082 |
0 |
0 |
|a 936
|2 22
|
| 999 |
|
|
|c 33385
|d 33385
|
| 999 |
|
|
|c 13005
|
| 245 |
0 |
0 |
|a Archaeological investigation in Bogra district :
|c Sah Sufi Mostafizur Rahman, general editor Enamul Haque
|b from early historic to early mediaeval period
|
| 260 |
|
|
|a Dhaka :
|b The international center for study of Bengal art
|c 2000.
|
| 300 |
|
|
|a 300 p. :
|b col. ill., maps ;
|c 25 cm.
|
| 490 |
0 |
|
|a Studies in Bengal art series no. 3
|v 1
|
| 504 |
|
|
|a Includes bibliographical references (p.248-268) and index.
|
| 541 |
|
|
|a 10122
|
| 650 |
|
0 |
|a Excavations (Archaeology)
|x Bangladesh.
|9 7100
|
| 651 |
|
0 |
|a Bangladesh
|x Antiquities.
|9 7101
|
| 700 |
1 |
|
|a Rahman, Shah Sufi Mostafizur,
|d 1964-
|9 7102
|
| 710 |
2 |
|
|a Asiatic Society of Bangladesh.
|9 7103
|
| 710 |
2 |
|
|a Cultural Survey of Bangladesh Project.
|9 6041
|
| 852 |
1 |
|
|a Ayesha Abed Library
|j General shelf
|
| 942 |
|
|
|2 ddc
|c BK
|
| 952 |
|
|
|0 0
|1 0
|2 ddc
|4 0
|6 936_000000000000000_ARC
|7 0
|9 44624
|a BRACUL
|b BRACUL
|c GEN
|d 2015-01-06
|l 0
|o 936 ARC
|p 3010010122
|r 2015-01-06
|t 1
|w 2015-01-06
|y BK
|